[Event "Benidorm 2013 - Torneo sub2000"]
[Site "Benidorm ESP"]
[Date "2013.11.29"]
[Round "1.1"]
[White "Garcia Martin, Marta"]
[Black "Morello Ostos, Domingo"]
[Result "0-1"]
[WhiteElo "1773"]
[BlackElo "1998"]
[PlyCount "136"]
[EventDate "2013.11.29"]
[EventRounds "10"]
[EventCountry "ESP"]
[Source "lmi"]
[SourceDate "2013.11.29"]

1. e4 c5 2. c3 Nf6 3. e5 Nd5 4. d4 cxd4 5. cxd4 d6 6. Nf3 Nc6 7. Bc4 Nb6 8. Bb5
Bd7 9. Nc3 dxe5 10. dxe5 Qc7 11. O-O e6 12. Qe2 a6 13. Bd3 Bb4 14. Bd2 Bxc3 15.
Bxc3 Nd5 16. Bd2 h6 17. a3 g5 18. Rac1 g4 19. Nd4 Qxe5 20. Nxc6 Qxe2 21. Bxe2
Bxc6 22. Bxg4 O-O-O 23. Bf3 Kb8 24. Bc3 Nxc3 25. Rxc3 Bb5 26. Rfc1 Rd7 27. g3
Rhd8 28. Kg2 Re7 29. R1c2 e5 30. Be2 Bc6+ 31. Kf1 Be4 32. Rc1 Bf5 33. Ke1 Bg6
34. Rd1 Rd4 35. Re3 Rxd1+ 36. Bxd1 f5 37. Bb3 Kc7 38. Kd2 e4 39. Rc3+ Kd6 40.
Ke3 Ke5 41. Rc5+ Kd6 42. Rc1 Rc7 43. Rxc7 Kxc7 44. Kd4 Kd6 45. Bc2 Bf7 46. h3
Bg6 47. g4 fxg4 48. hxg4 e3 49. Bd1 exf2 50. Be2 Be8 51. Ke3 Ke5 52. Kxf2 Kf4
53. b3 a5 54. b4 axb4 55. axb4 Bd7 56. Bf1 Bxg4 57. Bg2 b6 58. Bc6 Bd1 59. Bb7
Bc2 60. Ke2 Be4 61. Bc8 h5 62. Kf2 h4 63. Bh3 Bf3 64. Bf1 Be4 65. Bh3 Bf5 66.
Bf1 h3 67. Bb5 Be4 68. Bf1 h2 0-1

[Event "Benidorm 2013 - Torneo sub2000"]
[Site "Benidorm ESP"]
[Date "2013.11.29"]
[Round "1.2"]
[White "Rizza, Francesco"]
[Black "Herrero Ferrando, Salvador"]
[Result "1-0"]
[WhiteElo "1998"]
[BlackElo "1772"]
[PlyCount "58"]
[EventDate "2013.11.29"]
[EventRounds "10"]
[EventCountry "ESP"]
[Source "lmi"]
[SourceDate "2013.11.29"]

1. d4 Nf6 2. c4 c5 3. Nf3 cxd4 4. Nxd4 e5 5. Nb5 d5 6. cxd5 Bc5 7. e3 O-O 8.
N5c3 e4 9. Be2 Qe7 10. Nd2 Rd8 11. a3 Bf5 12. b4 Bd6 13. Bb2 Be5 14. Qb3 Nbd7
15. Nc4 Bxc3+ 16. Qxc3 Rac8 17. Qd4 Nb6 18. Nxb6 axb6 19. Bc4 Ne8 20. Bb3 Qg5
21. O-O Bh3 22. Qxe4 Nd6 23. Qf3 Bg4 24. Qf4 Qg6 25. f3 Bd7 26. Rac1 Qd3 27.
Qxd6 Rxc1 28. Rxc1 Qxb3 29. Bd4 Qd3 1-0

[Event "Benidorm 2013 - Torneo sub2000"]
[Site "Benidorm ESP"]
[Date "2013.11.29"]
[Round "1.3"]
[White "Sendra Tormo, Juan"]
[Black "Stefanov, Evtim"]
[Result "1/2-1/2"]
[WhiteElo "1772"]
[BlackElo "1998"]
[PlyCount "104"]
[EventDate "2013.11.29"]
[EventRounds "10"]
[EventCountry "ESP"]
[Source "lmi"]
[SourceDate "2013.11.29"]

1. e4 c5 2. Nf3 e6 3. d4 cxd4 4. Nxd4 a6 5. Nc3 Qc7 6. Be3 Bb4 7. Nde2 Nf6 8.
a3 Be7 9. Ng3 b5 10. Bd3 b4 11. Nb1 Bb7 12. axb4 Bxb4+ 13. c3 Bd6 14. Nd2 h5
15. Ngf1 Nc6 16. f3 Ne5 17. Qe2 O-O 18. Nc4 Nxd3+ 19. Qxd3 Be7 20. Na5 d5 21.
e5 Nd7 22. f4 d4 23. Bxd4 Bc5 24. Ne3 Rfd8 25. O-O Bb6 26. Nxb7 Qxb7 27. Qe2
Bxd4 28. cxd4 Qe4 29. Rad1 Nb6 30. Qd3 Qc6 31. f5 Qb5 32. fxe6 fxe6 33. Qg6 Qe8
34. Qg5 Rd7 35. g4 Nd5 36. Nxd5 Rxd5 37. gxh5 Rad8 38. h6 Qd7 39. Rf4 Qa7 40.
Qg4 Rxe5 41. Rdf1 Rf5 42. Rxf5 exf5 43. Rxf5 Qxd4+ 44. Qxd4 Rxd4 45. Rg5 Rd1+
46. Kf2 Rd2+ 47. Ke3 Rxb2 48. Rxg7+ Kh8 49. Ra7 Rxh2 50. Rxa6 Kh7 51. Kf3 Rxh6
52. Rxh6+ Kxh6 1/2-1/2

[Event "Benidorm 2013 - Torneo sub2000"]
[Site "Benidorm ESP"]
[Date "2013.11.29"]
[Round "1.4"]
[White "Pol Guiscafre, David"]
[Black "Garcia Yera, Santiago"]
[Result "1-0"]
[WhiteElo "1997"]
[BlackElo "1770"]
[PlyCount "94"]
[EventDate "2013.11.29"]
[EventRounds "10"]
[EventCountry "ESP"]
[Source "lmi"]
[SourceDate "2013.11.29"]

1. e4 g6 2. d4 Bg7 3. Nc3 d6 4. Bg5 Nf6 5. e5 dxe5 6. dxe5 Nfd7 7. Nd5 c6 8.
Nxe7 Qa5+ 9. c3 Qxe5+ 10. Qe2 Qxg5 11. Nxc8+ Kd8 12. Nd6 Qf4 13. Qd3 Kc7 14.
Rd1 Be5 15. g3 Qf6 16. Ne4 Qe7 17. f4 Bg7 18. Qd6+ Qxd6 19. Nxd6 f5 20. Nf3 Nc5
21. Ng5 h6 22. Nf3 Nbd7 23. Nh4 Rhf8 24. Nxg6 Rf6 25. Ne7 Re6+ 26. Kf2 Rxe7 27.
Nxf5 Rf7 28. Bh3 Nf6 29. Kf3 Nd5 30. Rhe1 Rd8 31. g4 Bf8 32. Bf1 h5 33. h3
hxg4+ 34. hxg4 Rh7 35. g5 Rh3+ 36. Bxh3 Na4 37. Rd2 Bc5 38. Nd4 Rh8 39. Bg4 Bd6
40. Re4 Nc5 41. Ne6+ Kb6 42. Nxc5 Bxc5 43. Re6 Rh1 44. Rxd5 Rf1+ 45. Kg3 Rg1+
46. Kh4 Rh1+ 47. Bh3 Bd6 1-0

[Event "Benidorm 2013 - Torneo sub2000"]
[Site "Benidorm ESP"]
[Date "2013.11.29"]
[Round "1.5"]
[White "Navascues Zabaleta, Jesus"]
[Black "Botelho, Luis Miguel Rodrigu"]
[Result "0-1"]
[WhiteElo "1768"]
[BlackElo "1996"]
[PlyCount "82"]
[EventDate "2013.11.29"]
[EventRounds "10"]
[EventCountry "ESP"]
[Source "lmi"]
[SourceDate "2013.11.29"]

1. e4 c5 2. Nf3 g6 3. d4 cxd4 4. Nxd4 Nc6 5. Nc3 Bg7 6. Be3 Nf6 7. f3 O-O 8.
Bc4 Qb6 9. Qd2 Nxe4 10. Nxe4 Bxd4 11. Bxd4 Qxd4 12. Qxd4 Nxd4 13. O-O-O Nc6 14.
Rhe1 d6 15. a3 Be6 16. Bxe6 fxe6 17. Nc3 Kf7 18. Ne4 h6 19. Rd2 Rac8 20. Kb1
Rc7 21. Nc3 a6 22. Rde2 Nd4 23. Rd2 Rc4 24. Ne4 Nf5 25. b3 Rc6 26. Nf2 e5 27.
Nd1 Rfc8 28. Kb2 Nd4 29. Ne3 b5 30. Rf1 g5 31. Rff2 Ke6 32. Nf1 h5 33. Ng3 h4
34. Ne4 Kf5 35. c3 Ne6 36. Rc2 d5 37. Nd2 Nf4 38. Kb1 Rxc3 39. Rxc3 Rxc3 40.
Kb2 d4 41. Ne4 Nd3+ 0-1

[Event "Benidorm 2013 - Torneo sub2000"]
[Site "Benidorm ESP"]
[Date "2013.11.29"]
[Round "1.6"]
[White "Paya Prats, Damian"]
[Black "Yanez Acin, Gonzalo"]
[Result "1-0"]
[WhiteElo "1994"]
[BlackElo "1768"]
[PlyCount "97"]
[EventDate "2013.11.29"]
[EventRounds "10"]
[EventCountry "ESP"]
[Source "lmi"]
[SourceDate "2013.11.29"]

1. e4 Nf6 2. e5 Nd5 3. Bc4 Nb6 4. Bb3 e6 5. d4 d5 6. exd6 Bxd6 7. Nf3 O-O 8.
O-O Bd7 9. Be3 Ba4 10. c4 Bxb3 11. Qxb3 Be7 12. Nc3 Nc6 13. c5 Nd5 14. Qxb7
Ncb4 15. Nxd5 Nxd5 16. Rab1 Bf6 17. Qa6 Qc8 18. Qxc8 Rfxc8 19. b4 c6 20. Rb3
Rcb8 21. Rfb1 a6 22. Nd2 e5 23. Ne4 exd4 24. Nxf6+ Nxf6 25. Bxd4 Nd5 26. a4 Rd8
27. Kf1 f6 28. f3 Rab8 29. Bf2 h5 30. Bg3 Rb7 31. b5 axb5 32. axb5 Rxb5 33.
Rxb5 cxb5 34. Rxb5 Ne3+ 35. Ke2 Nf5 36. Bc7 Rc8 37. Rb8 Rxb8 38. Bxb8 Kf7 39.
Kd3 Ke6 40. g4 hxg4 41. fxg4 Ne7 42. Kc4 g6 43. h4 f5 44. h5 fxg4 45. h6 g5 46.
h7 Ng6 47. c6 Nh8 48. Kc5 Nf7 49. Kb6 1-0

[Event "Benidorm 2013 - Torneo sub2000"]
[Site "Benidorm ESP"]
[Date "2013.11.29"]
[Round "1.7"]
[White "Marco Catala, Juan Bautista"]
[Black "Ferreruela Romero, Jose Joaqui"]
[Result "0-1"]
[WhiteElo "1768"]
[BlackElo "1993"]
[PlyCount "90"]
[EventDate "2013.11.29"]
[EventRounds "10"]
[EventCountry "ESP"]
[Source "lmi"]
[SourceDate "2013.11.29"]

1. c4 e5 2. Nc3 Nc6 3. Nf3 g6 4. g3 Bg7 5. Bg2 Nge7 6. O-O O-O 7. d3 d6 8. Bd2
h6 9. Rb1 a5 10. a3 Be6 11. b4 axb4 12. axb4 Qd7 13. b5 Nd8 14. Ra1 Rxa1 15.
Qxa1 e4 16. Ne1 d5 17. Qc1 exd3 18. Nxd3 dxc4 19. Nc5 Qd4 20. N3e4 Qb2 21. Bxh6
Qxc1 22. Bxc1 Bg4 23. Re1 b6 24. Na6 Ne6 25. h3 Bf5 26. Ng5 Bc3 27. Rd1 Nd4 28.
Ba3 Nxe2+ 29. Kh2 Bf6 30. Ne4 Bxe4 31. Bxe4 Nc3 32. Re1 Nxb5 33. Bxe7 Bxe7 34.
Bc6 Nd4 35. Rxe7 Nxc6 36. Rxc7 Na5 37. Nb4 Rd8 38. Ra7 Rc8 39. Nd5 Rc5 40. Nxb6
c3 41. Nd7 c2 42. Nxc5 c1=Q 43. Rxa5 Qc2 44. Kg2 Kg7 45. Nd7 Qc6+ 0-1

[Event "Benidorm 2013 - Torneo sub2000"]
[Site "Benidorm ESP"]
[Date "2013.11.29"]
[Round "1.8"]
[White "Rodriguez Gomez, Vicente"]
[Black "Najarro Garcia, Jose Maria"]
[Result "1-0"]
[WhiteElo "1993"]
[BlackElo "1765"]
[PlyCount "107"]
[EventDate "2013.11.29"]
[EventRounds "10"]
[EventCountry "ESP"]
[Source "lmi"]
[SourceDate "2013.11.29"]

1. e4 c5 2. c3 d5 3. exd5 Qxd5 4. d4 Nf6 5. Nf3 e6 6. Be2 Be7 7. O-O O-O 8. Be3
cxd4 9. Nxd4 e5 10. c4 Qa5 11. Nb3 Qc7 12. Nc3 a6 13. Rc1 Bf5 14. Nd5 Nxd5 15.
cxd5 Qd8 16. Nc5 b6 17. Na4 Nd7 18. Rc6 b5 19. d6 Bf6 20. Nb6 Nxb6 21. Bxb6 Qe8
22. Qc1 Be4 23. Rc3 Qe6 24. Rd1 Qxa2 25. Bg4 Bd8 26. Bxd8 Rfxd8 27. Rc8 Raxc8
28. Bxc8 Qa4 29. d7 Bf5 30. Re1 b4 31. Qc7 Rxd7 32. Bxd7 Qxd7 33. Qxe5 h6 34.
Qb8+ Kh7 35. Qxb4 Be6 36. Qc3 Qd5 37. h3 Qg5 38. Qe5 Qg6 39. Re3 Qb1+ 40. Kh2
Qf1 41. Rg3 g6 42. Qd4 Qc1 43. Re3 Qc7+ 44. Qe5 Qc2 45. Re2 Qc4 46. Rd2 Qh4 47.
Qd4 Qg5 48. Qe3 Qf6 49. g3 Qf5 50. g4 Qb1 51. f4 Qc1 52. Re2 Bd5 53. Qxc1 Be6
54. Qe3 1-0

[Event "Benidorm 2013 - Torneo sub2000"]
[Site "Benidorm ESP"]
[Date "2013.11.29"]
[Round "1.9"]
[White "Diaz Begonte, Manuel"]
[Black "Ingunza Lopez, Txema"]
[Result "0-1"]
[WhiteElo "1764"]
[BlackElo "1993"]
[PlyCount "74"]
[EventDate "2013.11.29"]
[EventRounds "10"]
[EventCountry "ESP"]
[Source "lmi"]
[SourceDate "2013.11.29"]

1. e4 c5 2. d4 cxd4 3. c3 Nf6 4. e5 Nd5 5. cxd4 e6 6. Nc3 Nxc3 7. bxc3 b6 8.
Be2 Bb7 9. Nf3 Be7 10. O-O O-O 11. a4 Nc6 12. Qb3 d6 13. exd6 Bxd6 14. Ba3 Rc8
15. Bxd6 Qxd6 16. a5 Nxa5 17. Rxa5 Bxf3 18. Re5 Bxe2 19. Rxe2 Qc6 20. Ra2 a5
21. h3 Rfd8 22. Rb1 Rd6 23. Rab2 Qxc3 24. Qxc3 Rxc3 25. Rxb6 Rxb6 26. Rxb6 g6
27. Ra6 Rc1+ 28. Kh2 Ra1 29. Kg3 a4 30. Kf4 a3 31. Kg5 Kg7 32. h4 a2 33. Kg4
Rg1 34. Rxa2 Rxg2+ 35. Kf3 Rg1 36. Rd2 h5 37. d5 exd5 0-1

[Event "Benidorm 2013 - Torneo sub2000"]
[Site "Benidorm ESP"]
[Date "2013.11.29"]
[Round "1.10"]
[White "Roca Cruz, Rafael"]
[Black "De Esteban De Esteban, Valenti"]
[Result "1-0"]
[WhiteElo "1988"]
[BlackElo "1764"]
[PlyCount "107"]
[EventDate "2013.11.29"]
[EventRounds "10"]
[EventCountry "ESP"]
[Source "lmi"]
[SourceDate "2013.11.29"]

1. d4 d5 2. Nf3 c6 3. c4 e6 4. Nc3 Bd6 5. g3 f5 6. Bf4 Nf6 7. Bxd6 Qxd6 8. Bg2
O-O 9. O-O Nbd7 10. c5 Qe7 11. b4 e5 12. dxe5 Nxe5 13. Qd4 Re8 14. e3 Bd7 15.
a4 a6 16. Nxe5 Qxe5 17. Qxe5 Rxe5 18. Ne2 Rae8 19. Nd4 Ne4 20. Bxe4 Rxe4 21.
Rfb1 g6 22. b5 axb5 23. axb5 R4e7 24. Ra7 cxb5 25. Rxb7 Bc8 26. R7xb5 Rc7 27.
c6 Ba6 28. Rb6 Bc8 29. Rc1 Kf7 30. Nb5 Ree7 31. Nxc7 Rxc7 32. Kf1 Ke6 33. Ke2
Kd6 34. Kd3 Ra7 35. c7+ Kd7 36. Kd4 Ke7 37. Rb8 Kd7 38. Rc2 Rxc7 39. Rxc7+ Kxc7
40. Ra8 Bb7 41. Rh8 Kd6 42. Rxh7 Bc6 43. Rh8 Ke6 44. Rg8 Kf6 45. Rc8 Ba4 46.
Kxd5 Bb3+ 47. Kd6 g5 48. Rf8+ Kg6 49. Ke5 Bc2 50. Rf6+ Kh5 51. Rxf5 Kg4 52. e4
Kh3 53. Rxg5 Kxh2 54. f4 1-0

[Event "Benidorm 2013 - Torneo sub2000"]
[Site "Benidorm ESP"]
[Date "2013.11.29"]
[Round "1.11"]
[White "Perez Gisbert, Santiago"]
[Black "Rodriguez Marcos, Jose R"]
[Result "0-1"]
[WhiteElo "1762"]
[BlackElo "1985"]
[PlyCount "61"]
[EventDate "2013.11.29"]
[EventRounds "10"]
[EventCountry "ESP"]
[Source "lmi"]
[SourceDate "2013.11.29"]

1. e4 c5 2. Nf3 d6 3. d4 cxd4 4. Nxd4 Nf6 5. Nc3 a6 6. Be2 e5 7. Nb3 Be6 8. Bf3
Qc7 9. O-O Nbd7 10. a4 Rc8 11. Be3 Be7 12. Qe2 Bc4 13. Qd2 Bxf1 14. Rxf1 Nb6
15. Bxb6 Qxb6 16. Rc1 O-O 17. g3 h6 18. Bg2 Rfd8 19. Qd3 Qb4 20. Bf1 Bf8 21. a5
Rxc3 22. bxc3 Qxe4 23. Bg2 Qxd3 24. cxd3 d5 25. Kf1 Ba3 26. Rc2 Rc8 27. c4 e4
28. dxe4 dxc4 29. e5 Nd7 30. Bxb7 Rb8 31. f4 0-1

[Event "Benidorm 2013 - Torneo sub2000"]
[Site "Benidorm ESP"]
[Date "2013.11.29"]
[Round "1.12"]
[White "Suarez Cerezo, Ismael"]
[Black "Spina, Simonpietro"]
[Result "1-0"]
[WhiteElo "1985"]
[BlackElo "1762"]
[PlyCount "57"]
[EventDate "2013.11.29"]
[EventRounds "10"]
[EventCountry "ESP"]
[Source "lmi"]
[SourceDate "2013.11.29"]

1. c4 e5 2. Nc3 f5 3. d3 Nf6 4. g3 d6 5. Bg2 c6 6. e3 Be6 7. Nf3 Be7 8. Ng5 Bc8
9. O-O h6 10. Nh3 Be6 11. f4 Nbd7 12. b3 Qc7 13. Bb2 Ng4 14. Qe2 O-O 15. Kh1
Ngf6 16. Rac1 a5 17. e4 fxe4 18. dxe4 Bxh3 19. Bxh3 exf4 20. gxf4 Qd8 21. Rg1
Re8 22. e5 dxe5 23. fxe5 Bf8 24. e6 Nc5 25. Rcf1 Qe7 26. Na4 Kh8 27. Nxc5 Qxc5
28. Rxf6 gxf6 29. Bxf6+ 1-0

[Event "Benidorm 2013 - Torneo sub2000"]
[Site "Benidorm ESP"]
[Date "2013.11.29"]
[Round "1.13"]
[White "Correia, Sandra Ventura"]
[Black "Garcia Martinez, Marcos"]
[Result "1/2-1/2"]
[WhiteElo "1761"]
[BlackElo "1984"]
[PlyCount "52"]
[EventDate "2013.11.29"]
[EventRounds "10"]
[EventCountry "ESP"]
[Source "lmi"]
[SourceDate "2013.11.29"]

1. e4 e6 2. d4 d5 3. Nc3 Nf6 4. Bg5 Bb4 5. exd5 exd5 6. Qf3 Nbd7 7. O-O-O Bxc3
8. Qe3+ Qe7 9. Qxc3 Ne4 10. Bxe7 Nxc3 11. Re1 Ne4 12. Bh4 O-O 13. f3 Nd6 14.
Bd3 f5 15. Nh3 Nf6 16. Re7 Rf7 17. Bxf6 gxf6 18. Rhe1 Kf8 19. Rxf7+ Kxf7 20.
Nf4 c6 21. b3 b5 22. Kd2 Bd7 23. Kc3 a5 24. Re2 Ra7 25. Re1 Ra8 26. Re2 Ra7
1/2-1/2

[Event "Benidorm 2013 - Torneo sub2000"]
[Site "Benidorm ESP"]
[Date "2013.11.29"]
[Round "1.14"]
[White "Penarrubia Blasco, Jose Alfred"]
[Black "Buiza Prieto, Eihartze"]
[Result "1-0"]
[WhiteElo "1982"]
[BlackElo "1760"]
[PlyCount "110"]
[EventDate "2013.11.29"]
[EventRounds "10"]
[EventCountry "ESP"]
[Source "lmi"]
[SourceDate "2013.11.29"]

1. e4 c5 2. Nc3 d6 3. Bc4 g6 4. d3 Bg7 5. f4 e6 6. Nf3 Ne7 7. O-O Nbc6 8. a3
O-O 9. Ne2 d5 10. exd5 exd5 11. Ba2 Nf5 12. Nc3 Be6 13. Re1 h6 14. Kh1 a6 15.
Qe2 b5 16. Qf2 Qd6 17. Ne2 a5 18. c3 Nfe7 19. d4 c4 20. Bb1 a4 21. Ne5 Nxe5 22.
fxe5 Qd7 23. Nf4 Bf5 24. Qf3 Bxb1 25. Rxb1 Rad8 26. Qe2 Qf5 27. Ra1 g5 28. g4
Qc8 29. Nh5 Qe6 30. Bd2 Ng6 31. h3 Rde8 32. Qf2 Qc6 33. Rf1 Re6 34. Rae1 Bh8
35. Ng3 Kh7 36. Nf5 f6 37. exf6 Rfxf6 38. Rxe6 Qxe6 39. Re1 Qf7 40. Qe2 Bg7 41.
Qe8 Rxf5 42. gxf5 Qxf5 43. Qe3 Nf4 44. Kh2 Qc2 45. h4 Qxb2 46. hxg5 hxg5 47.
Kg3 Nh5+ 48. Kg4 Nf6+ 49. Kf5 Qc2+ 50. Ke6 Qg6 51. Qxg5 Qxg5 52. Bxg5 Ne4 53.
Bf4 Nxc3 54. Be5 Ne4 55. Bf4 b4 1-0

[Event "Benidorm 2013 - Torneo sub2000"]
[Site "Benidorm ESP"]
[Date "2013.11.29"]
[Round "1.15"]
[White "Gomez Sanjuan, Hector Fernando"]
[Black "Blesa Fernandez, Francisco"]
[Result "0-1"]
[WhiteElo "1760"]
[BlackElo "1978"]
[PlyCount "46"]
[EventDate "2013.11.29"]
[EventRounds "10"]
[EventCountry "ESP"]
[Source "lmi"]
[SourceDate "2013.11.29"]

1. d4 d5 2. c4 c6 3. Nf3 Nf6 4. Nc3 a6 5. c5 Nbd7 6. Bf4 Nh5 7. Bg5 h6 8. Bh4
g5 9. Bg3 Bg7 10. e3 Nxg3 11. hxg3 b6 12. b4 bxc5 13. bxc5 Nxc5 14. Qc2 Qa5 15.
Nd2 Bf5 16. Qxf5 Qxc3 17. Rb1 Ne4 18. Rd1 Rb8 19. Be2 e6 20. Qg4 Nxd2 21. Rxd2
Rb2 22. Bd1 Rb1 23. Qe2 Rb2 0-1

[Event "Benidorm 2013 - Torneo sub2000"]
[Site "Benidorm ESP"]
[Date "2013.11.29"]
[Round "1.20"]
[White "Collins, Alan"]
[Black "Cid Garcia, Ramon"]
[Result "1/2-1/2"]
[WhiteElo "1748"]
[BlackElo "1971"]
[PlyCount "27"]
[EventDate "2013.11.29"]
[EventRounds "10"]
[EventCountry "ESP"]
[Source "lmi"]
[SourceDate "2013.11.29"]

1. d4 Nf6 2. Nf3 e6 3. e3 d5 4. b3 Nbd7 5. Bb2 Ne4 6. Be2 c6 7. O-O Bd6 8. Nbd2
f5 9. Ne5 Nxe5 10. dxe5 Bc5 11. Nxe4 fxe4 12. Bd4 Bxd4 13. exd4 O-O 14. Qd2
1/2-1/2

[Event "Benidorm 2013 - Torneo sub2000"]
[Site "Benidorm ESP"]
[Date "2013.11.29"]
[Round "1.23"]
[White "Gonzalez Pabollet, Jesus Maria"]
[Black "Donazar Garayoa, Miguel"]
[Result "1-0"]
[WhiteElo "1970"]
[BlackElo "1746"]
[PlyCount "47"]
[EventDate "2013.11.29"]
[EventRounds "10"]
[EventCountry "ESP"]
[Source "lmi"]
[SourceDate "2013.11.29"]

1. d4 d5 2. Nf3 Nf6 3. Bf4 e6 4. e3 c5 5. Nc3 Bd7 6. Be2 Be7 7. O-O O-O 8. a3
cxd4 9. exd4 a6 10. Bd3 Nc6 11. Re1 Rc8 12. Qd2 Na5 13. b3 b5 14. Ne2 Nb7 15.
Ng3 Nd6 16. Ne5 Qc7 17. Bg5 Qd8 18. Bf4 Re8 19. Qe2 g6 20. a4 Rb8 21. axb5 Bxb5
22. Bxb5 Rxb5 23. Rxa6 Qc8 24. Rxd6 1-0

[Event "Benidorm 2013 - Torneo sub2000"]
[Site "Benidorm ESP"]
[Date "2013.11.29"]
[Round "1.32"]
[White "Galiana Fernandez, Adrian"]
[Black "Cardenas, Fernando Adrian"]
[Result "1-0"]
[WhiteElo "1729"]
[BlackElo "1959"]
[PlyCount "55"]
[EventDate "2013.11.29"]
[EventRounds "10"]
[EventCountry "ESP"]
[Source "lmi"]
[SourceDate "2013.11.29"]

1. e4 c5 2. Nf3 Nc6 3. d4 cxd4 4. Nxd4 Nf6 5. Nc3 e5 6. Ndb5 d6 7. Bg5 a6 8.
Na3 b5 9. Nd5 Be7 10. Bxf6 Bxf6 11. c4 b4 12. Nc2 Rb8 13. Nxf6+ Qxf6 14. Ne3
O-O 15. Nd5 Qh4 16. Bd3 Be6 17. O-O Bxd5 18. exd5 Nd4 19. f4 f5 20. fxe5 dxe5
21. Re1 Rb6 22. Rxe5 Rh6 23. h3 Nc2 24. Bxc2 Rg6 25. Bxf5 Rgf6 26. Qg4 Qh6 27.
Be6+ Kh8 28. Qg5 1-0

[Event "Benidorm 2013 - Torneo sub2000"]
[Site "Benidorm ESP"]
[Date "2013.11.29"]
[Round "1.34"]
[White "Denekens, Chris"]
[Black "Suarez Garcia, Ivan"]
[Result "0-1"]
[WhiteElo "1724"]
[BlackElo "1956"]
[PlyCount "50"]
[EventDate "2013.11.29"]
[EventRounds "10"]
[EventCountry "ESP"]
[Source "lmi"]
[SourceDate "2013.11.29"]

1. e4 c5 2. b3 d5 3. exd5 Qxd5 4. Bb2 Nf6 5. Nc3 Qd8 6. Bb5+ Bd7 7. Bxd7+ Qxd7
8. Nf3 Nc6 9. O-O e6 10. Re1 Be7 11. Ne4 Nxe4 12. Rxe4 Bf6 13. Bxf6 gxf6 14. c3
Qd5 15. Qc2 Rd8 16. d4 f5 17. Rh4 Rg8 18. Kf1 cxd4 19. cxd4 Rg4 20. Rxh7 Nxd4
21. Qd3 Nxf3 22. Rh8+ Ke7 23. Rxd8 Nxh2+ 24. Ke2 Re4+ 25. Kd2 Qxd8 0-1

[Event "Benidorm 2013 - Torneo sub2000"]
[Site "Benidorm ESP"]
[Date "2013.11.29"]
[Round "1.37"]
[White "Cebrian Flores, Juan Antonio"]
[Black "Birkestrand, Odd H"]
[Result "1-0"]
[WhiteElo "1955"]
[BlackElo "1718"]
[PlyCount "63"]
[EventDate "2013.11.29"]
[EventRounds "10"]
[EventCountry "ESP"]
[Source "lmi"]
[SourceDate "2013.11.29"]

1. e4 e5 2. Nf3 Nc6 3. Bb5 d6 4. d4 Bd7 5. c3 Nf6 6. Nbd2 Be7 7. O-O O-O 8. Re1
a6 9. Ba4 Bg4 10. h3 Bh5 11. Bc2 exd4 12. g4 dxc3 13. bxc3 Nxg4 14. hxg4 Bxg4
15. Qe2 Ne5 16. Qe3 Qd7 17. Nd4 Bh5 18. Nf5 Bf6 19. f4 Nc6 20. Qh3 Kh8 21. e5
dxe5 22. Qxh5 g6 23. Qh6 gxf5 24. Qxf6+ Kg8 25. Re2 Ne7 26. Ba3 Ng6 27. Bxf5
Qb5 28. c4 Qb6+ 29. Qxb6 cxb6 30. Bxf8 Kxf8 31. Bxg6 hxg6 32. fxe5 1-0

[Event "Benidorm 2013 - Torneo sub2000"]
[Site "Benidorm ESP"]
[Date "2013.11.29"]
[Round "1.39"]
[White "Busto Prendes, Abel"]
[Black "Pozuelo Yvancos, Enrique"]
[Result "1-0"]
[WhiteElo "1954"]
[BlackElo "1716"]
[PlyCount "51"]
[EventDate "2013.11.29"]
[EventRounds "10"]
[EventCountry "ESP"]
[Source "lmi"]
[SourceDate "2013.11.29"]

1. e4 e5 2. Nc3 Nf6 3. f4 exf4 4. Nf3 d5 5. exd5 Nxd5 6. Bc4 c6 7. Qe2+ Be7 8.
Qe5 Nf6 9. d4 O-O 10. Bxf4 Re8 11. O-O Nbd7 12. Qe2 Bd6 13. Qd2 Nb6 14. Bd3 Qc7
15. Bg5 Nbd7 16. Rae1 Rxe1 17. Qxe1 b5 18. Ne4 Nxe4 19. Qxe4 Nf8 20. Bxb5 Bb7
21. Bc4 c5 22. d5 Ne6 23. Bd3 Nxg5 24. Nxg5 Bxh2+ 25. Kh1 g6 26. Rxf7 1-0

[Event "Benidorm 2013 - Torneo sub2000"]
[Site "Benidorm ESP"]
[Date "2013.11.29"]
[Round "1.40"]
[White "Fernandez Senovilla, Jose E"]
[Black "Orantes Taboada, Manuel"]
[Result "0-1"]
[WhiteElo "1715"]
[BlackElo "1951"]
[PlyCount "64"]
[EventDate "2013.11.29"]
[EventRounds "10"]
[EventCountry "ESP"]
[Source "lmi"]
[SourceDate "2013.11.29"]

1. d4 Nf6 2. c4 g6 3. Nc3 Bg7 4. e4 d6 5. Nge2 O-O 6. f3 e5 7. Be3 c6 8. Qd2
Nbd7 9. Ng3 a6 10. Be2 h5 11. Rc1 h4 12. Nf1 Nh5 13. dxe5 dxe5 14. Bg5 Bf6 15.
Bxf6 Qxf6 16. Ne3 Nc5 17. Ng4 Bxg4 18. fxg4 Nf4 19. O-O Qg5 20. Qe3 Nce6 21.
Bd1 Nh3+ 22. Qxh3 Qxc1 23. Qxh4 Qe3+ 24. Kh1 Qg5 25. Qf2 Rad8 26. h4 Qf4 27.
Qg1 Qg3 28. Qf2 Qxf2 29. Rxf2 Rd4 30. Kg1 Rfd8 31. Bf3 Rxc4 32. Bd1 Rxc3 0-1

[Event "Benidorm 2013 - Torneo sub2000"]
[Site "Benidorm ESP"]
[Date "2013.11.29"]
[Round "1.47"]
[White "Westerweele, Henrik"]
[Black "Cribilles Perez, Carlos"]
[Result "1-0"]
[WhiteElo "1948"]
[BlackElo "1698"]
[PlyCount "53"]
[EventDate "2013.11.29"]
[EventRounds "10"]
[EventCountry "ESP"]
[Source "lmi"]
[SourceDate "2013.11.29"]

1. e4 c5 2. c3 d5 3. exd5 Qxd5 4. d4 Nc6 5. Nf3 Bg4 6. Be2 e6 7. Be3 Nge7 8.
Nbd2 Nf5 9. c4 Qd8 10. d5 exd5 11. Bf4 Bd6 12. cxd5 Bxf4 13. dxc6 bxc6 14. h3
Bxf3 15. Nxf3 Qa5+ 16. Kf1 O-O 17. Qc2 Nd4 18. Nxd4 cxd4 19. Bd3 h6 20. Qxc6
Rac8 21. Qe4 Rfe8 22. Qxf4 Qb4 23. g3 Qxb2 24. Kg2 Rc3 25. Rhe1 Rf8 26. Qxd4
Qd2 27. Bh7+ 1-0

[Event "Benidorm 2013 - Torneo sub2000"]
[Site "Benidorm ESP"]
[Date "2013.11.29"]
[Round "1.67"]
[White "Oliva Llorens, Antoni"]
[Black "Perez Carratala, Jose"]
[Result "1-0"]
[WhiteElo "1918"]
[BlackElo "1632"]
[PlyCount "57"]
[EventDate "2013.11.29"]
[EventRounds "10"]
[EventCountry "ESP"]
[Source "lmi"]
[SourceDate "2013.11.29"]

1. e4 e5 2. Nf3 Nc6 3. d4 exd4 4. Nxd4 Bc5 5. Be3 Qf6 6. c3 Nge7 7. g3 O-O 8.
Bg2 Ne5 9. O-O c6 10. Nf5 d5 11. b4 Nxf5 12. exf5 Bxe3 13. fxe3 Nc4 14. Nd2 Ne5
15. Qc2 Qh6 16. Rf4 Re8 17. Re1 Qg5 18. Nf3 Qf6 19. Nd4 Re7 20. e4 Nc4 21. Qf2
dxe4 22. g4 e3 23. Qg3 h6 24. h4 Ne5 25. g5 Qd6 26. f6 Rc7 27. Re4 Nc4 28. Re8+
Kh7 29. gxh6 1-0

[Event "Benidorm 2013 - Torneo sub2000"]
[Site "Benidorm ESP"]
[Date "2013.11.29"]
[Round "1.76"]
[White "Talavera Moya, Salvador"]
[Black "Muro Turon, Raul"]
[Result "0-1"]
[WhiteElo "1595"]
[BlackElo "1905"]
[PlyCount "56"]
[EventDate "2013.11.29"]
[EventRounds "10"]
[EventCountry "ESP"]
[Source "lmi"]
[SourceDate "2013.11.29"]

1. d4 Nf6 2. c4 c5 3. d5 b5 4. cxb5 a6 5. bxa6 Bxa6 6. Nc3 d6 7. g3 g6 8. Bg2
Bg7 9. e4 Nbd7 10. Nge2 O-O 11. O-O Qa5 12. Bd2 Rfb8 13. Rb1 Bd3 14. Ra1 Rxb2
15. a4 Ne5 16. Bc1 Bxe2 17. Nxe2 Rb7 18. Bd2 Qa6 19. Nc3 Nc4 20. Qc2 Rb2 21.
Qc1 Nxd2 22. Qxb2 Nxf1 23. Bxf1 Qa5 24. Qc1 Ng4 25. Ra3 Bd4 26. Nd1 Qb4 27. Bb5
Qe1+ 28. Kg2 Nxf2 0-1